000 00731cam a22002054a 4500
001 13451351
005 20250716084332.0
008 040107s2004 miu b 001 0 eng
020 _a0802805175
_qalk. paper
020 _a9780802805171
_q(alk. paper)
050 0 0 _aBS2555.52
_b.R43 2004
082 0 0 _a226/.06
_222
245 0 0 _aReading the Gospels today /
_cedited by Stanley E. Porter.
260 _aGrand Rapids, Mich. :
_bEerdmans,
_cc2004.
300 _axvii, 211 p. ;
_c23 cm.
440 0 _aMcMaster New Testament studies
500 _aPapers presented at the eight H.H. Bingham Colloquium in New Testament, McMaster Divinity College, Hamilton, Ontario, 2002.
700 1 _aPorter, Stanley E.,
_d1956-
942 _2lcc
_cBK
_n0
999 _c6988
_d6988